000 00822nam a2200217Ia 4500
999 _c65229
_d65229
005 20240530110814.0
008 140319s1996 au a f b 000 0 ara d
017 _a1996/12/1770
_bمصر. دار الكتب
040 _aGCL /
_cGCL
082 0 4 _221
_a723.3 /
_bق ز
100 0 _aقتيبة الشهابى
245 1 0 _aزخارف العمارة الاسلامية فى دمشق :
_bبحث ميدانى بعدسة المؤلف /
_cقتيبة الشهابى
250 _aط.1
260 _aدمشق :
_bوزارة الثقاقة،
_c1996 .
300 _a389 ص. :
_bايض. ؛
_c28 سم.
650 0 7 _aالعمارة الاسلامية
_2qrmak
_zدمشق
650 0 7 _aالزخارف الاسلامية
_2qrmak
_zدمشق
651 _2qrmak
942 _2ddc
_cBK